000 00664nam a2200229Ia 4500
003 GCL
008 140319s9999 xx 000 0 ara d
040 _aGCL /
_cGCL
082 0 4 _a219.5
_bع م
100 1 _aعيسى عبده
245 1 0 _aالملكية فى الاسلام /
_cعيسى عبده
700 1 _aاحمد اسماعيل يحيى
260 _a[S.N] :
_bدار المعارف ،
_c1984
300 _a243 ص
490 _a
650 0 4 _aالاحكام الشرعية
650 0 4 _aالملكية
650 0 4 _aالملكية الشرعية الاسلامية
650 0 4 _aالمال
650 0 4 _aزكاة المال
942 _2ddc
_cBK
999 _c52825
_d52825